| 000 | 00725nam a2200241Ia 4500 | ||
|---|---|---|---|
| 003 | OSt | ||
| 005 | 20220924114714.0 | ||
| 006 | a|||||r|||| 00| 0 | ||
| 007 | ta | ||
| 008 | 220923b |||||||| |||| 00| 0 ara d | ||
| 020 | _c900 | ||
| 024 | _a259712 | ||
| 037 |
_b385, 26/03/2012, Nadwi Publications _cTextual |
||
| 040 |
_aARTS _cARTS _bara |
||
| 041 |
_2ara _aara |
||
| 082 | _aNT461k, 28P7.1-.5 | ||
| 100 |
_aMahmood Fatima Mussa Au. _9174890 |
||
| 245 | 0 | _aQamoosul misraah | |
| 260 |
_aCairo _bAlhiyah Almisriyah _c2007 |
||
| 650 | _aTHEATER | ||
| 942 |
_hNT461k, 28P7.1-.5 _cTEXL _2CC |
||
| 999 |
_c394873 _d394873 |
||